000 00370nam a2200169Ia 4500
100 _aSpaanjaars/Imar
650 _aASP.NET
942 _cBK
366 _f25
654 _aASP.NET
245 _aBeginning ASP.NET 3.5 in C# and visual basic
260 _bWiley India
_c2008
082 _a5.133
_bSPA
300 _a734
546 _aENGLISH
_cPAMPHALETS
999 _c26262
_d26262